000 00480nam a2200121Ia 4500
008 230907s9999||||xx |||||||||||||| ||und||
082 _a693.8
_bHAN
245 0 _aHandbook of smoke control engineering /
260 _aAmerican Society of Heating, Refrigerating and Air-Conditioning Engineers,
_bAtlanta, GA :
_c2012
300 _axxiii, 484 p. :
650 _aHandbooks, manuals, etc. Handbooks, manuals, etc. Handbooks, manuals, etc. Handbooks, manuals, etc.
_9115471
942 _cBK
999 _c599517
_d599517